Third World politics : (Record no. 1620)

MARC details
000 -LEADER
fixed length control field 00902pam a2200289 a 4500
001 - CONTROL NUMBER
control field 3841808
003 - CONTROL NUMBER IDENTIFIER
control field OSt
005 - DATE AND TIME OF LATEST TRANSACTION
control field 20230620110838.0
008 - FIXED-LENGTH DATA ELEMENTS--GENERAL INFORMATION
fixed length control field 871026s1988 mdub b 001 0 eng
010 ## - LIBRARY OF CONGRESS CONTROL NUMBER
LC control number 87031140
020 ## - INTERNATIONAL STANDARD BOOK NUMBER
International Standard Book Number 0801836492
020 ## - INTERNATIONAL STANDARD BOOK NUMBER
International Standard Book Number 0801836611 (pbk.)
040 ## - CATALOGING SOURCE
Original cataloging agency DLC
Transcribing agency DLC
Modifying agency DLC
043 ## - GEOGRAPHIC AREA CODE
Geographic area code d------
082 00 - DEWEY DECIMAL CLASSIFICATION NUMBER
Classification number 320.91
Item number CAM
100 1# - MAIN ENTRY--PERSONAL NAME
Personal name Cammack, Paul A.
Fuller form of name (Paul Anthony)
245 10 - TITLE STATEMENT
Title Third World politics :
Remainder of title a comparative introduction /
Statement of responsibility, etc. Paul Cammack, David Pool, and William Tordoff.
260 ## - PUBLICATION, DISTRIBUTION, ETC. (IMPRINT)
Place of publication, distribution, etc. Baltimore :
Name of publisher, distributor, etc. John Hopkins University Press,
Date of publication, distribution, etc. 1988.
300 ## - PHYSICAL DESCRIPTION
Extent xi, 308 p. :
Other physical details maps ;
Dimensions 22 cm.
500 ## - GENERAL NOTE
General note Includes index.
504 ## - BIBLIOGRAPHY, ETC. NOTE
Bibliography, etc Bibliography: p. 296-301.
651 #0 - SUBJECT ADDED ENTRY--GEOGRAPHIC NAME
Geographic name Developing countries
General subdivision Politics and government.
700 1# - ADDED ENTRY--PERSONAL NAME
Personal name Pool, David.
700 1# - ADDED ENTRY--PERSONAL NAME
Personal name Tordoff, William.
906 ## - LOCAL DATA ELEMENT F, LDF (RLIN)
a 7
b cbc
c orignew
d 1
e ocip
f 19
g y-gencatlg
942 ## - ADDED ENTRY ELEMENTS (KOHA)
Source of classification or shelving scheme Dewey Decimal Classification
Koha item type Books
Holdings
Withdrawn status Lost status Source of classification or shelving scheme Damaged status Not for loan Home library Current library Date acquired Total Checkouts Full call number Barcode Checked out Date last seen Price effective from Koha item type
    Dewey Decimal Classification     County Hall Archives County Hall Archives 06/20/2023   320.91 CAM 10000679 04/05/2022 06/20/2023 06/20/2023 Books
LIBRARY OPENING HOURS

When the Parliament is sitting: 8.00a.m - 7.00p.m or until the house adjourns
Mondays and Fridays and when the House is on Recess:  8.00a.m - 5.00p.m
Closed on Weekends and Public Holidays

Online Public Access Catalog (OPAC)
Website: http://www.parliament.go.ke
Bunge Library: https://libraryir.parliament.go.ke
Contact: library@parliament.go.ke | Tel no: (254-2)2221291 or 2848000 Ext 5043